000 00308 a2200157 4500
001 181739
020 _a
040 _cMagnum
100 _aLima, Edy
240 1 0 _aMagitronica
_lpor
245 1 0 _aMagitronica
362 0 _a1899
440 1 _aMelhoramentos
697 _aMAGNITO: IJ/GERAL
942 _cBK
999 _c181739
_d181739